<?xml version="1.0" encoding="UTF-8"?>
<record
    xmlns:xsi="http://www.w3.org/2001/XMLSchema-instance"
    xsi:schemaLocation="http://www.loc.gov/MARC21/slim http://www.loc.gov/standards/marcxml/schema/MARC21slim.xsd"
    xmlns="http://www.loc.gov/MARC21/slim">

  <leader>01602nam a22002657a 4500</leader>
  <controlfield tag="003">KPN</controlfield>
  <controlfield tag="005">20250623105522.0</controlfield>
  <controlfield tag="008">250526b  00| 0 my d</controlfield>
  <datafield tag="020" ind1=" " ind2=" ">
    <subfield code="a">9789672038719</subfield>
    <subfield code="c">RM18.00</subfield>
    <subfield code="q">paperback</subfield>
  </datafield>
  <datafield tag="040" ind1=" " ind2=" ">
    <subfield code="c">KPN</subfield>
  </datafield>
  <datafield tag="082" ind1=" " ind2=" ">
    <subfield code="2">23</subfield>
    <subfield code="a">808.882 SHA 2018</subfield>
  </datafield>
  <datafield tag="090" ind1=" " ind2=" ">
    <subfield code="a">808.882 SHA 2018</subfield>
    <subfield code="b">SHA</subfield>
  </datafield>
  <datafield tag="100" ind1=" " ind2=" ">
    <subfield code="a">Shaza Baharuddin</subfield>
    <subfield code="e">author</subfield>
  </datafield>
  <datafield tag="245" ind1=" " ind2=" ">
    <subfield code="a">99 Stress Free Wife</subfield>
    <subfield code="c">Shaza Baharuddin</subfield>
  </datafield>
  <datafield tag="246" ind1=" " ind2=" ">
    <subfield code="a">Ninety nine stress free wife</subfield>
  </datafield>
  <datafield tag="260" ind1=" " ind2=" ">
    <subfield code="a"> Batu Caves, Selangor</subfield>
    <subfield code="b">Must Read Sdn. Bhd.,</subfield>
    <subfield code="c">2018</subfield>
  </datafield>
  <datafield tag="300" ind1=" " ind2=" ">
    <subfield code="a">ix, 149 pages</subfield>
    <subfield code="b">illustrations </subfield>
    <subfield code="c">19 cm</subfield>
  </datafield>
  <datafield tag="500" ind1=" " ind2=" ">
    <subfield code="a">Lelaki dari planet Marikh. Perempuan dari planet Venus. Begitulah diibaratkan perbezaan yang ketara antara lelaki dengan perempuan.

Allah SWT menjadikan lelaki dan perempuan berbeza fizikalnya. Tentu juga wujud perbezaan ketara dari segi emosi,perasaan, dan tabiat antara kedua-dua insan ini. Bayangkan kedua-dua makhluk ciptaan Allah SWT ini diletakkan bersama-sama di bawah satu bumbung, maka &#x2018;haru-biru&#x2019; jadinya!

Buku ini merupakan coretan 99 kisah stress seorang isteri. Bohonglah jika sesebuah rumah tangga sentiasa dalam suasana ceria. Tentunya ada perasaan berkecil hati, kecewa, rajuk, dan tertekan dengan pasangan.  Namun, percayalah.  Melalui perasaan tertekan inilah para isteri belajar mengenali suami mereka sebenarnya. Alah, bukan stres sangat pun, stres ala-ala manja saja.

&#x201C;&#x2026;ALLAH CREATED THEM TO PERFECT ONE ANOTHER.&#x201D;</subfield>
  </datafield>
  <datafield tag="650" ind1=" " ind2=" ">
    <subfield code="2">Shaza Baharuddin,</subfield>
  </datafield>
  <datafield tag="650" ind1=" " ind2=" ">
    <subfield code="2">Puisi</subfield>
    <subfield code="v">Anecdotes</subfield>
  </datafield>
  <datafield tag="650" ind1=" " ind2=" ">
    <subfield code="2">Anecdotes</subfield>
  </datafield>
  <datafield tag="650" ind1=" " ind2=" ">
    <subfield code="2">Wives</subfield>
    <subfield code="v"> Anecdotes</subfield>
  </datafield>
  <datafield tag="650" ind1=" " ind2=" ">
    <subfield code="2">Husband and wife</subfield>
    <subfield code="v"> Anecdotes</subfield>
  </datafield>
  <datafield tag="942" ind1=" " ind2=" ">
    <subfield code="2">ddc</subfield>
    <subfield code="c">1</subfield>
    <subfield code="n">0</subfield>
  </datafield>
  <datafield tag="999" ind1=" " ind2=" ">
    <subfield code="c">1604</subfield>
    <subfield code="d">1604</subfield>
  </datafield>
  <datafield tag="952" ind1=" " ind2=" ">
    <subfield code="0">0</subfield>
    <subfield code="1">0</subfield>
    <subfield code="2">ddc</subfield>
    <subfield code="4">0</subfield>
    <subfield code="7">0</subfield>
    <subfield code="8">NF</subfield>
    <subfield code="a">KPN</subfield>
    <subfield code="b">KPN</subfield>
    <subfield code="c">NFIC800</subfield>
    <subfield code="d">2025-06-23</subfield>
    <subfield code="l">2</subfield>
    <subfield code="m">3</subfield>
    <subfield code="o">808.882 SHA 2018</subfield>
    <subfield code="p">KPN25060012</subfield>
    <subfield code="q">2026-05-20</subfield>
    <subfield code="r">2026-01-22</subfield>
    <subfield code="s">2026-01-22</subfield>
    <subfield code="w">2025-06-23</subfield>
    <subfield code="y">1</subfield>
  </datafield>
</record>
